000
00332pam a2200145 a 4500
020
_c
041
_h
082
_a
617.96
_b
POW
100
_a
Ian Power .
245
_a
Principles of Physiology For The Anaesthetist
_h
Textual Documents
250
_a
2nd ed. .
260
_b
Hodder Arnold
_c
2008
300
_a
472.
930
_a
10557
999
_c
10550
_d
10550